<?xml version="1.0" encoding="UTF-8"?>
<collection xmlns="http://www.loc.gov/MARC21/slim">
 <record>
  <leader>00494pamaa2200157   4500</leader>
  <controlfield tag="001">0000021456</controlfield>
  <controlfield tag="005">20120420090000.0</controlfield>
  <datafield tag="020" ind1="0" ind2="0">
   <subfield code="a">0939010194 </subfield>
  </datafield>
  <datafield tag="082" ind1=" " ind2=" ">
   <subfield code="a">978.9 IRE 1991</subfield>
  </datafield>
  <datafield tag="090" ind1="0" ind2="0">
   <subfield code="a">F801.2 </subfield>
   <subfield code="b">IRE 1991</subfield>
  </datafield>
  <datafield tag="100" ind1="1" ind2="0">
   <subfield code="a">IRELAND </subfield>
  </datafield>
  <datafield tag="245" ind1="1" ind2="0">
   <subfield code="a">Birds of sorrow : </subfield>
   <subfield code="b">notes from a river junction in Northern New Mexico  </subfield>
   <subfield code="c">Tom Ireland.</subfield>
  </datafield>
  <datafield tag="260" ind1="0" ind2="0">
   <subfield code="a">Somerville, Mass.: </subfield>
   <subfield code="b">Zephyr Press, </subfield>
   <subfield code="c">1991.</subfield>
  </datafield>
  <datafield tag="300" ind1=" " ind2=" ">
   <subfield code="a">231p.; </subfield>
   <subfield code="c">19cm.</subfield>
  </datafield>
  <datafield tag="651" ind1="0" ind2="0">
   <subfield code="a">New Mexico -- </subfield>
   <subfield code="x">Description and travel </subfield>
  </datafield>
  <datafield tag="651" ind1="0" ind2="0">
   <subfield code="a">Natural history -- </subfield>
   <subfield code="x">New Mexico </subfield>
  </datafield>
 </record>
</collection>
